Statistics for 夏季奥运会主办城市

Click here to take the quiz!

General Stats

  • This quiz has been taken 381 times
  • The average score is 28 of 35

Answer Stats

年份大洲主办城市备注% Correct
2024年欧洲巴黎
100%
1924年欧洲巴黎
100%
1900年欧洲巴黎
100%
1964年亚洲东京
99%
2020年亚洲东京因疫情推迟一年
99%
2008年亚洲北京
99%
1940年亚洲东京由于二战原因停办
99%
1948年欧洲伦敦
98%
1908年欧洲伦敦
98%
2012年欧洲伦敦
98%
1944年欧洲伦敦由于二战原因停办
98%
2004年欧洲雅典
96%
2000年大洋洲悉尼
96%
1896年欧洲雅典
96%
1916年欧洲柏林因第一次世界大战停办
94%
1936年欧洲柏林
94%
2016年南美洲里约热内卢
94%
2028年北美洲洛杉矶
91%
1984年北美洲洛杉矶
91%
1932年北美洲洛杉矶
91%
1988年亚洲汉城
90%
1980年欧洲莫斯科
89%
1960年欧洲罗马
81%
1956年大洋洲墨尔本
74%
1996年北美洲亚特兰大
74%
1992年欧洲巴塞罗那
73%
1972年欧洲慕尼黑
58%
1968年北美洲墨西哥城
57%
2032年大洋洲布里斯班
52%
1976年北美洲蒙特利尔
52%
1912年欧洲斯德哥尔摩
50%
1928年欧洲阿姆斯特丹
48%
1952年欧洲赫尔辛基
47%
1920年欧洲安特卫普
29%
1904年北美洲圣路易斯
29%

Score Distribution

Percentile by Number Answered

Percent of People with Each Score

Your Score History

You have not taken this quiz